| 000 | 01029nam a2200241 a 4500 | ||
|---|---|---|---|
| 001 | 17743362 | ||
| 008 | 160923s2013 ||||||||||||||||| || u | ||
| 010 | _a2013940704 | ||
| 020 | _a9780316234801 | ||
| 020 | _a9780316239837 (large print) | ||
| 050 | _aRC 394.M48 Per | ||
| 100 | _aLoberg, Kristin | ||
| 245 | 1 | 0 |
_aGrain brain: the surprising truth about wheat, carbs, and sugar--your brain's silent killers (1st. edition) _cDavid Perlmutter, MD, with Kristin Loberg. |
| 250 | _a1st. ed | ||
| 260 |
_aNew York _bLittle, Brown and Company _c2013 |
||
| 300 | _ax, 323 pages : ill. | ||
| 650 | 0 | _aEnergy metabolism - Popular works | |
| 650 | 0 | _aBRAIN -DISEASES-PREVENTION-POPULAR WORKS | |
| 650 | 0 | _aBRAIN-DISEASES-NUTRITIONAL ASPECTS-POPULAR WORKS | |
| 650 | 0 | _aCARBOHYDRATES - METABOLISM - POPULAR WORKS | |
| 700 | _aPerlmutter, David | ||
| 995 |
_aMEDICAL LIBRARY OPEN ACCESS _e746906 _FCBU-SCHOOL OF MEDICINE LIBRARY (Ndola) _jRC 394.M48 Per _M1 _UAVAILABLE _WSep 23, 2016 _y746906 _ZMedical Library Open Access Collection |
||
| 999 |
_c31556 _d31556 |
||